Paul Tillich (Record no. 9409)

MARC details
000 -LEADER
fixed length control field 00567nam a2200229 a 4500
020 ## - INTERNATIONAL STANDARD BOOK NUMBER
ISBN 0009782
082 00 - DEWEY DECIMAL CLASSIFICATION NUMBER
Classification number 230
Author Cutter TIL
100 ## - MAIN ENTRY--AUTHOR NAME
Author name Tillich, Paul
245 ## - TITLE STATEMENT
Title Paul Tillich
Sub title Theologian of the Boundaries
260 ## - PUBLICATION, DISTRIBUTION, ETC. (IMPRINT)
Place of publication London
Name of publisher Collins Religious Pub.
Year of publication 1987
300 ## - PHYSICAL DESCRIPTION
Number of Pages 351p
500 ## - GENERAL NOTE
General note includes index and biblioraphy
505 2# - FORMATTED CONTENTS NOTE
Formatted contents note Index
650 ## - SUBJECT ADDED ENTRY--TOPICAL TERM
Topical Term Theology
942 ## - ADDED ENTRY ELEMENTS (KOHA)
Koha item type Books
Holdings
Home library Current library Date acquired Cost, normal purchase price Full call number Accession Number Koha item type
Henry Martyn Institute Library Henry Martyn Institute Library 08/01/2007 662.30 230 TIL 015504 E-Books
                   Copyright © 2026 | Henry Martyn Institute | Hyderabad | TS-500052 | INDIA | Implemented by hmi.edu.in
Hit-Count:

Powered by Koha